Tư liệu về tình hình Phật giáo và tín ngưỡng dân gian làng xã Thái Bình đầu thế kỷ XIX : Qua địa bạ /
Spremljeno u:
| Glavni autor: | |
|---|---|
| Format: | Članak |
| Jezik: | Vietnamese |
| Teme: | |
| Oznake: |
Dodaj oznaku
Bez oznaka, Budi prvi tko označuje ovaj zapis!
|
| Thư viện lưu trữ: | Thư viện Trường Đại học Đà Lạt |
|---|
| LEADER | 00820nam a2200265 4500 | ||
|---|---|---|---|
| 001 | DLU090066477 | ||
| 005 | ##20090410 | ||
| 040 | # | # | |a DLU |b vie |
| 041 | # | # | |a vie |
| 044 | # | # | |a vn |
| 100 | # | # | |a Vũ Văn Quân. |
| 245 | # | # | |a Tư liệu về tình hình Phật giáo và tín ngưỡng dân gian làng xã Thái Bình đầu thế kỷ XIX : |b Qua địa bạ / |c Vũ Văn Quân. |
| 653 | # | # | |a Đạo phật |
| 653 | # | # | |a Địa bạ |
| 653 | # | # | |a Tín ngưỡng dân gian |
| 773 | # | # | |t Dân tộc học |g Số 1(121), 2003, tr. 20-24 |
| 920 | # | # | |a Phòng Tạp chí -- Trung tâm Thông tin - Thư viện Trường Đại học Đà Lạt |
| 994 | # | # | |a DLU |
| 900 | # | # | |a True |
| 911 | # | # | |a Đào Thị Thu Huyền |
| 925 | # | # | |a G |
| 926 | # | # | |a A |
| 927 | # | # | |a BB |
| 980 | # | # | |a Thư viện Trường Đại học Đà Lạt |